Pick 3 Science Terms Quiz Stats

 Plays Quiz Updated Aug 31, 2019

Support Sporcle.
Go Orange.
Score 0/24 Timer 02:00
18 Plays Today
% Correct
Aortic
93.3%
Wombat
92.1%
Sedimentary
91.4%
Java
90.4%
Igneous
89.5%
Andromeda
88.5%
Lead
88.1%
Metamorphic
88%
Pegasus
87.1%
Tetrahedron
86.6%
Bandicoot
86.4%
Dodecahedron
85.8%
% Correct
Yttrium
85.6%
Cytosine
82.3%
Adenine
81.2%
Guanine
80.2%
Mitral
79.1%
Tantalum
77.4%
Cube
77.3%
Python
75.7%
Tricuspid
71.6%
Pascal
70.2%
Quokka
69.7%
Auriga
62.5%

You're not logged in!

Compare scores with friends on all Sporcle quizzes.
OR
Log In

From the Vault

That '70s Show Characters

by minshkins

That '70s Show aired for 8 seasons, and is the primary reason Ashton Kutcher haunts pop culture to this very day.
Remove Ads.
Support Sporcle.
Get the best of Sporcle when you Go Orange. This ad-free experience offers more features, more stats, and more fun while also helping to support Sporcle. Thank you for becoming a member.

Show Comments

Extras

Top Quizzes Today


Score Distribution

Your Account Isn't Verified!

In order to create a playlist on Sporcle, you need to verify the email address you used during registration. Go to your Sporcle Settings to finish the process.

Report this User

Report this user for behavior that violates our Community Guidelines.

Details: